Cancer risk evaluation : methods and trends /

Λεπτομέρειες βιβλιογραφικής εγγραφής
Συγγραφή απο Οργανισμό/Αρχή: Wiley InterScience (Online service)
Άλλοι συγγραφείς: Obe, G.
Μορφή: Ηλ. βιβλίο
Γλώσσα:English
Έκδοση: Weinheim : Wiley-Blackwell, [2011]
Θέματα:
Διαθέσιμο Online:Full Text via HEAL-Link
LEADER 03857nam a2200481 4500
001 ocn729726276
003 OCoLC
005 20170124072404.7
006 m o d
007 cr cn|||||||||
008 110609s2011 gw ob 001 0 eng d
040 |a DG1  |b eng  |e pn  |c DG1  |d YDXCP  |d E7B  |d OCLCQ  |d OCLCA  |d OCLCQ  |d COO  |d OCLCQ  |d DEBBG  |d EBLCP  |d GrThAP 
020 |a 9783527634613  |q (electronic bk.) 
020 |a 3527634614  |q (electronic bk.) 
020 |a 9783527634620  |q (e-book) 
020 |a 3527634622  |q (e-book) 
020 |z 9783527327539 
029 1 |a AU@  |b 000047226210 
029 1 |a GBVCP  |b 790033631 
029 1 |a NZ1  |b 15915634 
029 1 |a DEBBG  |b BV043393224 
035 |a (OCoLC)729726276 
037 |a 10.1002/9783527634613  |b Wiley InterScience  |n http://www3.interscience.wiley.com 
050 4 |a RC268.48  |b .C36 2011 
082 0 4 |a 616.99/4071  |2 22 
049 |a MAIN 
245 0 0 |a Cancer risk evaluation :  |b methods and trends /  |c edited by Günter Obe [and others]. 
264 1 |a Weinheim :  |b Wiley-Blackwell,  |c [2011] 
264 4 |c ©2011 
300 |a 1 online resource (xviii, 347 pages) 
336 |a text  |b txt  |2 rdacontent 
337 |a computer  |b c  |2 rdamedia 
338 |a online resource  |b cr  |2 rdacarrier 
505 0 |a Models and Approaches. Models of Cancer Development: Genetic and Environmental Influences / Burkhard Jandrig -- Endogenous DNA Damage and Its Relevance for the Initiation of Carcinogenesis / Bernd Epe, Markus Fußer -- The IARC Monographs Programme: Cancer Hazard Identification as a First Step in Cancer Risk Assessment and Cancer Prevention / Robert A Baan, Vincent J Cogliano -- Epidemiological Research. The Role of Epidemiology in Cancer Risk Assessment of Nonionizing Radiation / Joachim Schuz, Gabriele Berg-Beckhoff, Brigitte Schlehofer, Maria Blettner -- The Role of Epidemiology in Cancer Risk Assessment of Ionizing Radiation / Richard Wakeford -- Animal Studies. Animal Studies on RF EMF Cancer Effects / Clemens Dasenbrock, Jochen Buschmann -- Animal Studies in Carcinogen Identification: The Example of Power Frequency (50/60 Hz) Magnetic Fields / David L McCormick -- Genotoxicity Studies. Chromosomal Aberrations in Human Populations and Cancer / Gunter Obe, David C Lloyd, Marco Durante -- Cytogenetic Studies in Mammalian Somatic Cells Exposed to Radio Frequency Radiation: A Meta-Analysis / Vijayalaxmi, Thomas J Prihoda -- Omics: A New Tool for Cancer Risk Assessment?. Genomics and Cancer Risk Assessment / Michal R Schweiger, Bernd Timmermann -- Transcriptomics and Cancer Risk Assessment / Wolfgang Kemmner -- Proteomics and Cancer Risk Assessment / Alexander Schramm -- Current Use of Omics Studies for Cancer Risk Assessment. Omics in Cancer Risk Assessment: Pathways to Disease / Christopher J Portier, Reuben Thomas -- What Have 'Omics' Taught Us about the Health Risks Associated with Exposure to Low Doses of Ionizing Radiation / William F Morgan, Marianne B Sowa -- Transcriptomics Approach in RF EMF Research / Meike Mevissen -- Proteomics Approach in Mobile Phone Radiation Research / Dariusz Leszczynski -- Challenges for Risk Management. Evaluating the Reliability of Controversial Scientific Results / Alexander Lerchl -- Comparative Risk Assessment with Ionizing and Nonionizing Radiations / Jurgen Kiefer -- Communicating about Uncertainties in Cancer Risk Assessment / Peter Wiedemann, Holger Schutz -- The Precautionary Principle and Radio Frequency Exposure from Mobile Phones / Gary E Marchant. 
504 |a Includes bibliographical references and index. 
588 0 |a Print version record. 
650 0 |a Cancer  |x Risk assessment. 
650 0 |a Cancer  |x Risk factors. 
655 4 |a Electronic books. 
700 1 |a Obe, G. 
710 2 |a Wiley InterScience (Online service) 
856 4 0 |u https://doi.org/10.1002/9783527634613  |z Full Text via HEAL-Link 
994 |a 92  |b DG1